=LDR 00000nam 2200000 4500 =001 INLIS000000000060134 =005 20220106120905 =035 ##$$a 0010-0122000070 =007 ta =008 220106###########################0#ind## =020 ##$$a tidak Teridentifikasi =082 ##$$a 658.404 =084 ##$$a 658.404 Sum m =245 1#$$a Manajemen Proyek dan Pertanggung Jawaban Pengelolaan Keuangan Negara Bagi Bendaharawan Rutin / Proyek : $b Berdasarkan Keppres No. 16 / 1994 /$c D. Sumarmo =300 ##$$a 689 halaman : $b ilustrasi ; $c 21 cm =650 #4$$a Manajemen Proyek =264 ##$$a Jakarta :$b Mini Jaya Abadi,$c 1995 =336 ##$$a teks$2 rdacontent =337 ##$$a lain-lain$2 rdamedia =338 ##$$a lain-lain$2 rdacarrier =990 ##$$a 00890089